00355nam a2200145Ia 45000030006000000080041000060400015000471000018000622450025000802500006001052600061001113000006001725460014001780050017001920STCL150530s9999 xx 000 0 und d aSTCLcSTCL aSugathakumari aPavam Manavahrudayam a1 bSahitya Pravarthaka Co Operative Society ; Kottayac1968 a0 aMalayalam20220125170716.0